[Event "24. Open Catalunya Escacs Club"]
[Site "Barcelona ESP"]
[Date "2010.03.31"]
[Round "5.10"]
[White "Ramon Solans, Albert"]
[Black "Garreta Martinez, Albert"]
[Result "1-0"]
[WhiteElo "2171"]
[BlackElo "1965"]
[PlyCount "35"]
[EventDate "2010.03.27"]
[EventType "swiss"]
[EventRounds "9"]
[EventCountry "ESP"]
[Source "lmi"]
[SourceDate "2010.03.27"]

1. d4 d5 2. c4 e6 3. cxd5 exd5 4. Nc3 c5 5. Nf3 Nc6 6. g3 cxd4 7. Nxd4 Nf6 8.
Bg2 Qb6 9. Nb3 d4 10. Ne4 Nxe4 11. Bxe4 Bh3 12. Bd2 Be7 13. Qc2 O-O 14. Bxh7+
Kh8 15. Bf5 Bg2 16. Rg1 Nb4 17. Qc4 Bd5 18. Qc1 1-0

[Event "24. Open Catalunya Escacs Club"]
[Site "Barcelona ESP"]
[Date "2010.04.01"]
[Round "6.2"]
[White "Cruz, Filemon"]
[Black "Perpinya Rofes, Lluis Maria"]
[Result "1/2-1/2"]
[WhiteElo "2436"]
[BlackElo "2308"]
[PlyCount "31"]
[EventDate "2010.03.27"]
[EventType "swiss"]
[EventRounds "9"]
[EventCountry "ESP"]
[Source "lmi"]
[SourceDate "2010.03.27"]

1. d4 Nf6 2. c4 g6 3. Nc3 Bg7 4. e4 d6 5. Nf3 O-O 6. Be2 e5 7. O-O Na6 8. Be3
c6 9. Qc2 Ng4 10. Bg5 f6 11. Bc1 f5 12. dxe5 dxe5 13. h3 Nf6 14. Nxe5 Qe7 15.
Nf3 fxe4 16. Nh2 1/2-1/2

[Event "24. Open Catalunya Escacs Club"]
[Site "Barcelona ESP"]
[Date "2010.04.01"]
[Round "6.3"]
[White "Visa Jordana, Joel"]
[Black "Cruz, Jonathan"]
[Result "0-1"]
[WhiteElo "2203"]
[BlackElo "2442"]
[PlyCount "53"]
[EventDate "2010.03.27"]
[EventType "swiss"]
[EventRounds "9"]
[EventCountry "ESP"]
[Source "lmi"]
[SourceDate "2010.03.27"]

1. d4 Nf6 2. c4 g6 3. Nc3 Bg7 4. e4 d6 5. f4 O-O 6. Nf3 c5 7. d5 e6 8. Be2 exd5
9. cxd5 Re8 10. e5 dxe5 11. fxe5 Ng4 12. e6 fxe6 13. d6 Rf8 14. O-O Nc6 15. h3
Nf6 16. Re1 Nd4 17. Nxd4 cxd4 18. Nb5 Ne8 19. Nxd4 Nxd6 20. Bf3 Qb6 21. Be3 Nc4
22. Bf2 Nxb2 23. Nxe6 Qxe6 24. Qc2 Qf7 25. Bh4 Bf5 26. Qd2 Nc4 27. Qd1 0-1

[Event "24. Open Catalunya Escacs Club"]
[Site "Barcelona ESP"]
[Date "2010.04.01"]
[Round "6.4"]
[White "Nunez Lucero, Francisco"]
[Black "Lorenzo De La Riva, Lazaro"]
[Result "0-1"]
[WhiteElo "2184"]
[BlackElo "2383"]
[PlyCount "121"]
[EventDate "2010.03.27"]
[EventType "swiss"]
[EventRounds "9"]
[EventCountry "ESP"]
[Source "lmi"]
[SourceDate "2010.03.27"]

1. e4 g6 2. d4 Bg7 3. Nc3 d6 4. Be3 a6 5. Qd2 b5 6. f3 Bb7 7. Bd3 Nd7 8. a4 b4
9. Nce2 a5 10. Nh3 e6 11. Nf2 h6 12. O-O Ne7 13. f4 d5 14. e5 Nf5 15. Ng3 Qh4
16. Nxf5 gxf5 17. c3 Bf8 18. Qe2 Rg8 19. Nd1 c5 20. Bb5 c4 21. cxb4 axb4 22.
Rf3 Qd8 23. Bf2 Qa5 24. b3 c3 25. Ne3 Ba6 26. Bxa6 Qxa6 27. Qxa6 Rxa6 28. Bh4
Nb8 29. Nc2 Nc6 30. Rb1 Rg4 31. g3 Kd7 32. Kf2 h5 33. Bf6 Rg8 34. Ke3 Bh6 35.
Kd3 Rc8 36. Rf2 Bf8 37. Rg2 Na5 38. h3 Nc4 39. Na1 Nd2 40. Rd1 c2 41. Rc1 Nxb3
42. Nxb3 Rc3+ 43. Kd2 Rxb3 44. Kxc2 Rc3+ 45. Kb2 Rxc1 46. Kxc1 Rxa4 47. g4 fxg4
48. hxg4 hxg4 49. Rxg4 b3 50. Kb2 Rxd4 51. Kxb3 Rc4 52. Rh4 Be7 53. Rh7 Bxf6
54. exf6 Rxf4 55. Rxf7+ Kd6 56. Rf8 Ke5 57. f7 Kf6 58. Kc3 Ke7 59. Ra8 Kxf7 60.
Kd3 Kf6 61. Ra5 0-1

[Event "24. Open Catalunya Escacs Club"]
[Site "Barcelona ESP"]
[Date "2010.04.01"]
[Round "6.5"]
[White "Castrillo Mansego, Pablo"]
[Black "Capellades Subirana, Marc"]
[Result "1-0"]
[WhiteElo "1892"]
[BlackElo "2254"]
[PlyCount "45"]
[EventDate "2010.03.27"]
[EventType "swiss"]
[EventRounds "9"]
[EventCountry "ESP"]
[Source "lmi"]
[SourceDate "2010.03.27"]

1. e4 e5 2. Nf3 Nc6 3. Nc3 a6 4. d4 exd4 5. Nxd4 Bb4 6. Nxc6 Bxc3+ 7. bxc3 dxc6
8. Qxd8+ Kxd8 9. Bg5+ f6 10. O-O-O+ Bd7 11. Bf4 Kc8 12. Bc4 Ne7 13. Rd2 c5 14.
Rhd1 Bc6 15. f3 b6 16. Be6+ Kb7 17. Rd7 Bxd7 18. Rxd7 Rae8 19. Rxc7+ Ka8 20.
Bd6 Nc8 21. Bd5+ Kb8 22. Rb7+ Ka8 23. Rb8+ 1-0

[Event "24. Open Catalunya Escacs Club"]
[Site "Barcelona ESP"]
[Date "2010.04.01"]
[Round "6.6"]
[White "Martin Grillo, Ruben"]
[Black "Ramon Solans, Albert"]
[Result "1-0"]
[WhiteElo "2236"]
[BlackElo "2171"]
[PlyCount "81"]
[EventDate "2010.03.27"]
[EventType "swiss"]
[EventRounds "9"]
[EventCountry "ESP"]
[Source "lmi"]
[SourceDate "2010.03.27"]

1. e4 e6 2. d4 d5 3. Nc3 dxe4 4. Nxe4 Nd7 5. Bc4 c6 6. Ng5 Ngf6 7. Qe2 Nb6 8.
Bd3 h6 9. N5f3 c5 10. Ne5 cxd4 11. Bb5+ Bd7 12. Nxd7 Nbxd7 13. Nf3 a6 14. Bc4
Bb4+ 15. Bd2 Qa5 16. O-O-O b5 17. Bb3 Nc5 18. Nxd4 Bxd2+ 19. Qxd2 Nxb3+ 20.
Nxb3 Qxa2 21. Qd6 Rc8 22. Rd3 Qa4 23. Rhd1 b4 24. f3 Qb5 25. Nd4 Qd5 26. Nc6
Qxd6 27. Rxd6 Nd5 28. Rd4 O-O 29. Nxb4 Ne3 30. g4 a5 31. Nc6 Rc7 32. Kd2 Rfc8
33. Kxe3 Rxc6 34. Rxc6 Rxc6 35. Rd8+ Kh7 36. Kd3 g5 37. c4 Ra6 38. c5 Kg6 39.
Kc4 Kf6 40. Kb5 Ra7 41. Kb6 1-0

[Event "24. Open Catalunya Escacs Club"]
[Site "Barcelona ESP"]
[Date "2010.04.01"]
[Round "6.7"]
[White "Garcia I Riera, Josep"]
[Black "Bergez, Luc"]
[Result "0-1"]
[WhiteElo "2030"]
[BlackElo "2392"]
[PlyCount "52"]
[EventDate "2010.03.27"]
[EventType "swiss"]
[EventRounds "9"]
[EventCountry "ESP"]
[Source "lmi"]
[SourceDate "2010.03.27"]

1. d4 Nf6 2. c4 g6 3. Nc3 Bg7 4. e4 O-O 5. Nf3 d6 6. Be2 e5 7. O-O exd4 8. Nxd4
Re8 9. f3 c6 10. Be3 d5 11. cxd5 cxd5 12. Qd2 dxe4 13. fxe4 Nxe4 14. Nxe4 Rxe4
15. Rad1 Nd7 16. Bf3 Re8 17. Nb5 Qe7 18. Nc7 Qxe3+ 19. Qxe3 Rxe3 20. Nxa8 Bxb2
21. Bxb7 Bxb7 22. Rxd7 Bc6 23. Rd8+ Kg7 24. Nc7 Be5 25. Ne8+ Bxe8 26. Rxe8
Bxh2+ 0-1

[Event "24. Open Catalunya Escacs Club"]
[Site "Barcelona ESP"]
[Date "2010.04.01"]
[Round "6.8"]
[White "Villalonga Coll, Jaume"]
[Black "Rios, Alejandro"]
[Result "1-0"]
[WhiteElo "2087"]
[BlackElo "2284"]
[PlyCount "53"]
[EventDate "2010.03.27"]
[EventType "swiss"]
[EventRounds "9"]
[EventCountry "ESP"]
[Source "lmi"]
[SourceDate "2010.03.27"]

1. d4 Nf6 2. Nf3 e6 3. c4 c5 4. e3 a6 5. Nc3 cxd4 6. exd4 d6 7. g3 Qc7 8. Qe2
Be7 9. Bg2 O-O 10. O-O b6 11. Bg5 Bb7 12. Rac1 Nbd7 13. d5 e5 14. Nh4 Rfe8 15.
Nf5 Bf8 16. Ne4 Nxe4 17. Bxe4 Nc5 18. Bb1 a5 19. Qh5 g6 20. Nh6+ Kg7 21. Qh4
Nd7 22. Nxf7 Kxf7 23. Qxh7+ Bg7 24. Bxg6+ Kf8 25. f4 e4 26. f5 Qc5+ 27. Kh1 1-0

[Event "24. Open Catalunya Escacs Club"]
[Site "Barcelona ESP"]
[Date "2010.04.01"]
[Round "6.9"]
[White "Mazet, Julien"]
[Black "Perez Calahorra, Ricardo"]
[Result "1/2-1/2"]
[WhiteElo "2208"]
[BlackElo "2063"]
[PlyCount "50"]
[EventDate "2010.03.27"]
[EventType "swiss"]
[EventRounds "9"]
[EventCountry "ESP"]
[Source "lmi"]
[SourceDate "2010.03.27"]

1. d4 Nf6 2. Nf3 g6 3. c4 Bg7 4. Nc3 d5 5. cxd5 Nxd5 6. e4 Nxc3 7. bxc3 c5 8.
Be3 O-O 9. Qd2 Qa5 10. Rc1 e6 11. d5 exd5 12. exd5 Bg4 13. c4 Qc7 14. Be2 Nd7
15. O-O Bxf3 16. Bxf3 Ne5 17. Be2 Qd6 18. Bh6 Bxh6 19. Qxh6 f5 20. Qf4 Rae8 21.
Rfe1 Nf7 22. Qxd6 Nxd6 23. Bd3 Kf7 24. f4 Rxe1+ 25. Rxe1 Re8 1/2-1/2

[Event "24. Open Catalunya Escacs Club"]
[Site "Barcelona ESP"]
[Date "2010.04.01"]
[Round "6.10"]
[White "Turuguet Lopez, Josep Lluis"]
[Black "Busom Isach, Carlos"]
[Result "1-0"]
[WhiteElo "1891"]
[BlackElo "2222"]
[PlyCount "67"]
[EventDate "2010.03.27"]
[EventType "swiss"]
[EventRounds "9"]
[EventCountry "ESP"]
[Source "lmi"]
[SourceDate "2010.03.27"]

1. Nf3 d6 2. e4 Nf6 3. Nc3 g6 4. d4 Bg7 5. Be2 O-O 6. Bf4 c6 7. Qd2 Nbd7 8. Bh6
e5 9. h3 Qe7 10. Bxg7 Kxg7 11. O-O-O b5 12. dxe5 dxe5 13. Qe3 Nc5 14. Nd2 Be6
15. g4 b4 16. g5 Nh5 17. Ncb1 Nf4 18. h4 Bxa2 19. h5 Nce6 20. hxg6 hxg6 21. Bc4
Bxc4 22. Nxc4 Qxg5 23. Nbd2 Nd4 24. Kb1 c5 25. Nf3 Nxf3 26. Qxf3 Rad8 27. Rdg1
Qe7 28. Ne3 Qb7 29. Qg4 Qxe4 30. Nf5+ Kf6 31. Qg5+ Ke6 32. Qe7+ Kd5 33. Qb7+
Ke6 34. Ng7+ 1-0

[Event "24. Open Catalunya Escacs Club"]
[Site "Barcelona ESP"]
[Date "2010.04.02"]
[Round "7.1"]
[White "Perpinya Rofes, Lluis Maria"]
[Black "Munoz Pantoja, Miguel"]
[Result "1/2-1/2"]
[WhiteElo "2308"]
[BlackElo "2459"]
[PlyCount "34"]
[EventDate "2010.03.27"]
[EventType "swiss"]
[EventRounds "9"]
[EventCountry "ESP"]
[Source "lmi"]
[SourceDate "2010.03.27"]

1. e4 d5 2. exd5 Qxd5 3. Nc3 Qa5 4. d4 Nf6 5. Nf3 Bg4 6. h3 Bxf3 7. Qxf3 c6 8.
Bc4 e6 9. O-O Nbd7 10. Ne4 Nxe4 11. Qxe4 Nf6 12. Qf3 Bd6 13. c3 O-O 14. Re1
Rfe8 15. Re2 e5 16. Qf5 Qc7 17. Bg5 Qd7 1/2-1/2

[Event "24. Open Catalunya Escacs Club"]
[Site "Barcelona ESP"]
[Date "2010.04.02"]
[Round "7.2"]
[White "Cruz, Jonathan"]
[Black "Martin Grillo, Ruben"]
[Result "1-0"]
[WhiteElo "2442"]
[BlackElo "2236"]
[PlyCount "87"]
[EventDate "2010.03.27"]
[EventType "swiss"]
[EventRounds "9"]
[EventCountry "ESP"]
[Source "lmi"]
[SourceDate "2010.03.27"]

1. e4 c5 2. d3 g6 3. Nf3 Bg7 4. g3 d6 5. Bg2 Nf6 6. O-O O-O 7. Nbd2 Nc6 8. Re1
Qc7 9. Nf1 b6 10. c3 Bb7 11. Qe2 Rac8 12. Ne3 e6 13. Nf1 Ba6 14. h4 h5 15. Ng5
Ne5 16. Rd1 Qe7 17. Nh2 Rfd8 18. f4 Neg4 19. Bf3 Nh6 20. Be3 d5 21. e5 Nd7 22.
Bf2 d4 23. c4 Nb8 24. Be4 Bb7 25. Qf3 Bxe4 26. Nxe4 Nf5 27. Kh1 Nd7 28. Rg1 Kf8
29. a3 a5 30. b4 axb4 31. axb4 Ra8 32. Nxc5 Rxa1 33. Nxd7+ Rxd7 34. Rxa1 Qxb4
35. Qa8+ Ke7 36. Nf3 Qb2 37. Kg1 f6 38. Re1 fxe5 39. Qg8 Ra7 40. Ng5 Ra2 41.
Qf7+ Kd6 42. Ne4+ Kc6 43. Qxe6+ Kb7 44. Qxg6 1-0

[Event "24. Open Catalunya Escacs Club"]
[Site "Barcelona ESP"]
[Date "2010.04.02"]
[Round "7.3"]
[White "Perez Mitjans, Orelvis"]
[Black "Cruz, Filemon"]
[Result "0-1"]
[WhiteElo "2392"]
[BlackElo "2436"]
[PlyCount "86"]
[EventDate "2010.03.27"]
[EventType "swiss"]
[EventRounds "9"]
[EventCountry "ESP"]
[Source "lmi"]
[SourceDate "2010.03.27"]

1. e4 e6 2. d4 d5 3. Nc3 Nf6 4. e5 Nfd7 5. f4 c5 6. Nf3 Nc6 7. Be3 Be7 8. Qd2
a6 9. g3 O-O 10. O-O-O b5 11. dxc5 Nxc5 12. Kb1 b4 13. Ne2 Ne4 14. Qe1 Qc7 15.
Ned4 Na5 16. Bd3 Nc4 17. h4 Bb7 18. Ng5 h6 19. Bc1 Nc5 20. Qe2 a5 21. Qh5 Nxd3
22. Rxd3 Rac8 23. Rh2 Ba6 24. f5 Nxe5 25. Rd1 Bf6 26. fxe6 fxe6 27. Ndxe6 Qc6
28. Nxf8 Rxf8 29. Nf3 Nc4 30. Nd4 Qb6 31. Qxd5+ Kh8 32. Ne6 Re8 33. Ng5 Na3+
34. Ka1 Bc4 35. Qf5 Bg8 36. Qf4 Rc8 37. Be3 Qc6 38. Ne6 Qa4 39. Nxg7 Nxc2+ 40.
Kb1 Bxa2+ 41. Kc1 Nxe3+ 42. Kd2 Rf8 43. Re2 Bg8 0-1

[Event "24. Open Catalunya Escacs Club"]
[Site "Barcelona ESP"]
[Date "2010.04.02"]
[Round "7.4"]
[White "Lorenzo De La Riva, Lazaro"]
[Black "Castrillo Mansego, Pablo"]
[Result "1-0"]
[WhiteElo "2383"]
[BlackElo "1892"]
[PlyCount "77"]
[EventDate "2010.03.27"]
[EventType "swiss"]
[EventRounds "9"]
[EventCountry "ESP"]
[Source "lmi"]
[SourceDate "2010.03.27"]

1. d4 Nf6 2. c4 e6 3. Nc3 d5 4. cxd5 exd5 5. Bg5 Be7 6. e3 c6 7. Bd3 Nbd7 8.
Qc2 Nf8 9. Nge2 h6 10. Bf4 Ne6 11. Be5 Bd6 12. Bxd6 Qxd6 13. Ng3 Nc7 14. O-O
O-O 15. Rab1 h5 16. f3 h4 17. Nf5 Bxf5 18. Bxf5 Rfe8 19. Qf2 Rad8 20. Rbd1 g6
21. Bc2 Kg7 22. e4 Qf4 23. e5 Ng8 24. Ne2 Qh6 25. f4 f5 26. Rd3 Ne7 27. Ra3 Rh8
28. Rxa7 Rb8 29. Ra3 Ra8 30. Rb3 b5 31. a3 Raf8 32. Qe1 g5 33. Qb4 Kf7 34. Qd6
Ne6 35. fxg5 Nxg5 36. Qd7 h3 37. Rxf5+ Kg8 38. Rxg5+ Qxg5 39. Rg3 1-0

[Event "24. Open Catalunya Escacs Club"]
[Site "Barcelona ESP"]
[Date "2010.04.02"]
[Round "7.5"]
[White "Bergez, Luc"]
[Black "Villalonga Coll, Jaume"]
[Result "0-1"]
[WhiteElo "2392"]
[BlackElo "2087"]
[PlyCount "76"]
[EventDate "2010.03.27"]
[EventType "swiss"]
[EventRounds "9"]
[EventCountry "ESP"]
[Source "lmi"]
[SourceDate "2010.03.27"]

1. e4 Nf6 2. e5 Nd5 3. Bc4 Nb6 4. Bb3 d5 5. d4 Bf5 6. Ne2 e6 7. Ng3 Bg6 8. O-O
c5 9. c3 Nc6 10. Be3 cxd4 11. cxd4 Rc8 12. Nc3 Ne7 13. Nb5 Nc6 14. f4 a6 15.
Nc3 Ne7 16. Rc1 Nc4 17. Qe2 h5 18. f5 Nxf5 19. Nxf5 Bxf5 20. Ba4+ b5 21. Nxb5
axb5 22. Bxb5+ Ke7 23. Rxc4 dxc4 24. Rxf5 exf5 25. Bg5+ f6 26. exf6+ Kf7 27.
fxg7 Qxd4+ 28. Be3 Qxg7 29. Bd7 Rc7 30. Be6+ Kg6 31. Qf2 Qe5 32. Bd4 Qxe6 33.
Qg3+ Kf7 34. Qxc7+ Be7 35. Kf1 Rd8 36. Bc3 Rd7 37. Qf4 Rd1+ 38. Kf2 Bc5+ 0-1

[Event "24. Open Catalunya Escacs Club"]
[Site "Barcelona ESP"]
[Date "2010.04.02"]
[Round "7.6"]
[White "Capellades Subirana, Marc"]
[Black "Cabot Muntane, Jordi"]
[Result "0-1"]
[WhiteElo "2254"]
[BlackElo "2010"]
[PlyCount "96"]
[EventDate "2010.03.27"]
[EventType "swiss"]
[EventRounds "9"]
[EventCountry "ESP"]
[Source "lmi"]
[SourceDate "2010.03.27"]

1. e4 c5 2. Nf3 e6 3. d4 cxd4 4. Nxd4 a6 5. Nc3 Qc7 6. f4 d6 7. Be2 Nf6 8. Bf3
Be7 9. O-O O-O 10. a4 Nc6 11. Nxc6 bxc6 12. b3 Rb8 13. g4 c5 14. Qe2 Bb7 15.
Nd1 c4 16. bxc4 Rfc8 17. g5 Nd7 18. Ne3 Nb6 19. Qg2 Nxc4 20. Ng4 Kh8 21. f5
exf5 22. exf5 Bxf3 23. Rxf3 Ne5 24. Nxe5 dxe5 25. c3 e4 26. Rh3 Qc5+ 27. Qf2
Qxf2+ 28. Kxf2 Rc5 29. f6 gxf6 30. gxf6 Bxf6 31. Ba3 Rxc3 32. Rxc3 Bxc3 33. Rc1
Bb2 34. Bxb2+ Rxb2+ 35. Ke3 Rxh2 36. Rc6 Rh3+ 37. Ke2 Kg7 38. Rxa6 Ra3 39. Ra5
Kg6 40. Ra8 f5 41. a5 Kg5 42. a6 Kf4 43. a7 Ra2+ 44. Kd1 e3 45. Kc1 e2 46. Re8
Kf3 47. Kb1 Rxa7 48. Kc2 Ra1 0-1

[Event "24. Open Catalunya Escacs Club"]
[Site "Barcelona ESP"]
[Date "2010.04.02"]
[Round "7.7"]
[White "Ridameya Tatche, Jose Miguel"]
[Black "Mazet, Julien"]
[Result "1/2-1/2"]
[WhiteElo "2021"]
[BlackElo "2208"]
[PlyCount "113"]
[EventDate "2010.03.27"]
[EventType "swiss"]
[EventRounds "9"]
[EventCountry "ESP"]
[Source "lmi"]
[SourceDate "2010.03.27"]

1. e4 c5 2. Nf3 d6 3. d4 cxd4 4. Nxd4 Nf6 5. f3 e6 6. c4 Be7 7. Be3 Nc6 8. Nc3
O-O 9. Nc2 a6 10. Qd2 Qc7 11. Rc1 b6 12. Be2 Bd7 13. O-O Rab8 14. Rfd1 Rfd8 15.
Qe1 Be8 16. Qg3 Kh8 17. Nd4 Qb7 18. Kh1 Nxd4 19. Bxd4 b5 20. e5 dxe5 21. Bxe5
Rxd1+ 22. Rxd1 Rc8 23. cxb5 axb5 24. Ne4 Rd8 25. Rxd8 Bxd8 26. Bxf6 gxf6 27.
Qf4 Qe7 28. Qd6 f5 29. Qxe7 Bxe7 30. Nc3 b4 31. Nb5 Bc5 32. a4 bxa3 33. Nxa3
Kg7 34. g3 Kf6 35. Kg2 Ke5 36. f4+ Kd4 37. Nc2+ Kd5 38. b3 f6 39. Bf3+ Kd6 40.
Kf1 Bb5+ 41. Ke1 e5 42. fxe5+ fxe5 43. g4 Bd3 44. Kd2 e4 45. Bg2 f4 46. b4 Bf2
47. Ne1 Bxe1+ 48. Kxe1 f3 49. Bf1 Bxf1 50. Kxf1 e3 51. h4 Kc6 52. g5 Kb5 53. h5
Kxb4 54. g6 hxg6 55. hxg6 Kc3 56. g7 e2+ 57. Kf2 1/2-1/2

[Event "24. Open Catalunya Escacs Club"]
[Site "Barcelona ESP"]
[Date "2010.04.02"]
[Round "7.8"]
[White "Adeyemi, Adedeji"]
[Black "Visa Jordana, Joel"]
[Result "0-1"]
[WhiteElo "1902"]
[BlackElo "2203"]
[PlyCount "54"]
[EventDate "2010.03.27"]
[EventType "swiss"]
[EventRounds "9"]
[EventCountry "ESP"]
[Source "lmi"]
[SourceDate "2010.03.27"]

1. e4 c6 2. d3 d5 3. Nd2 Nf6 4. e5 Nfd7 5. Ngf3 c5 6. g3 Nc6 7. e6 fxe6 8. Ng5
Nf6 9. Bh3 e5 10. Be6 Bxe6 11. Nxe6 Qd6 12. Ng5 h6 13. Ngf3 g5 14. O-O e4 15.
Ne1 O-O-O 16. c3 exd3 17. Nxd3 e5 18. b4 c4 19. Nc5 b6 20. Na6 Kb7 21. Qa4 Qe6
22. Qb5 Qh3 23. Re1 Ng4 24. Nf1 e4 25. a4 Nce5 26. Re3 Nf3+ 27. Rxf3 exf3 0-1

[Event "24. Open Catalunya Escacs Club"]
[Site "Barcelona ESP"]
[Date "2010.04.02"]
[Round "7.9"]
[White "Ruiz Planas, Adelito"]
[Black "Nunez Lucero, Francisco"]
[Result "0-1"]
[WhiteElo "1852"]
[BlackElo "2184"]
[PlyCount "58"]
[EventDate "2010.03.27"]
[EventType "swiss"]
[EventRounds "9"]
[EventCountry "ESP"]
[Source "lmi"]
[SourceDate "2010.03.27"]

1. e4 Nf6 2. e5 Nd5 3. d4 d6 4. c4 Nb6 5. f4 dxe5 6. fxe5 c5 7. d5 e6 8. Nc3
exd5 9. cxd5 c4 10. Nf3 Bg4 11. Be2 Bc5 12. Ne4 Nxd5 13. Bxc4 Bb4+ 14. Kf1 Be6
15. Nd6+ Bxd6 16. Bxd5 Be7 17. Qa4+ Nc6 18. Bxc6+ bxc6 19. Be3 O-O 20. Kf2 Qc7
21. Rac1 Bd5 22. Bd4 f6 23. Rhe1 fxe5 24. Rxe5 Qd7 25. Rxe7 Qxe7 26. Bc5 Qg5
27. Re1 Bxf3 28. Bxf8 Qxg2+ 29. Ke3 Re8+ 0-1

[Event "24. Open Catalunya Escacs Club"]
[Site "Barcelona ESP"]
[Date "2010.04.02"]
[Round "7.10"]
[White "Ramon Solans, Albert"]
[Black "Lleyda Naval, Justo"]
[Result "1-0"]
[WhiteElo "2171"]
[BlackElo "1971"]
[PlyCount "33"]
[EventDate "2010.03.27"]
[EventType "swiss"]
[EventRounds "9"]
[EventCountry "ESP"]
[Source "lmi"]
[SourceDate "2010.03.27"]

1. e4 e5 2. Nf3 Nf6 3. Nxe5 d6 4. Nxf7 Kxf7 5. d4 Nc6 6. Bc4+ d5 7. exd5 Qe7+
8. Be3 Qb4+ 9. Nd2 Na5 10. Bd3 Bg4 11. f3 Nxd5 12. fxg4 Kg8 13. Qf3 Qd6 14. O-O
Qd7 15. Bf5 Qd6 16. Be4 Nf6 17. g5 1-0

[Event "24. Open Catalunya Escacs Club"]
[Site "Barcelona ESP"]
[Date "2010.04.03"]
[Round "8.1"]
[White "Lorenzo De La Riva, Lazaro"]
[Black "Cruz, Jonathan"]
[Result "1-0"]
[WhiteElo "2383"]
[BlackElo "2442"]
[PlyCount "99"]
[EventDate "2010.03.27"]
[EventType "swiss"]
[EventRounds "9"]
[EventCountry "ESP"]
[Source "lmi"]
[SourceDate "2010.03.27"]

1. e4 c6 2. d4 d5 3. e5 c5 4. c3 Nc6 5. Be3 Qb6 6. Qd2 cxd4 7. cxd4 Bf5 8. Nc3
e6 9. Nf3 h6 10. Be2 Nge7 11. O-O Bh7 12. a3 Nf5 13. b4 Be7 14. Na4 Qd8 15.
Rac1 Nxe3 16. fxe3 O-O 17. Nc5 Bxc5 18. Rxc5 Nb8 19. Rfc1 Nd7 20. Rc7 Rb8 21.
Qc3 Nb6 22. Qc5 Na8 23. Re7 Be4 24. Qd6 Qb6 25. Nd2 Bg6 26. Nb3 Rfd8 27. Rd7
Qxd6 28. Rxd6 Kf8 29. Na5 Rdc8 30. Rxc8+ Rxc8 31. Nxb7 Rc1+ 32. Kf2 Nb6 33.
Rd8+ Ke7 34. Bb5 f6 35. Rg8 fxe5 36. dxe5 Rc2+ 37. Kg3 Kf7 38. Rb8 Be4 39. Nd6+
Kg6 40. Be8+ Kh7 41. Nxe4 dxe4 42. Bf7 Nd5 43. Bxe6 Nxe3 44. Kf4 Nxg2+ 45. Kxe4
Kg6 46. Rb7 Re2+ 47. Kf3 Rc2 48. Bd5 Nh4+ 49. Kg4 Rc3 50. Be4+ 1-0

[Event "24. Open Catalunya Escacs Club"]
[Site "Barcelona ESP"]
[Date "2010.04.03"]
[Round "8.2"]
[White "Cruz, Filemon"]
[Black "Munoz Pantoja, Miguel"]
[Result "1/2-1/2"]
[WhiteElo "2436"]
[BlackElo "2459"]
[PlyCount "32"]
[EventDate "2010.03.27"]
[EventType "swiss"]
[EventRounds "9"]
[EventCountry "ESP"]
[Source "lmi"]
[SourceDate "2010.03.27"]

1. c4 g6 2. Nc3 Bg7 3. g3 c5 4. Bg2 Nc6 5. Nf3 e6 6. O-O Nge7 7. e4 O-O 8. d3
d6 9. Bg5 h6 10. Be3 e5 11. Ne1 f5 12. f4 Be6 13. Nd5 Qd7 14. Qd2 fxe4 15. dxe4
exf4 16. gxf4 Nd4 1/2-1/2

[Event "24. Open Catalunya Escacs Club"]
[Site "Barcelona ESP"]
[Date "2010.04.03"]
[Round "8.3"]
[White "Perpinya Rofes, Lluis Maria"]
[Black "Villalonga Coll, Jaume"]
[Result "1-0"]
[WhiteElo "2308"]
[BlackElo "2087"]
[PlyCount "101"]
[EventDate "2010.03.27"]
[EventType "swiss"]
[EventRounds "9"]
[EventCountry "ESP"]
[Source "lmi"]
[SourceDate "2010.03.27"]

1. e4 Nf6 2. e5 Nd5 3. d4 d6 4. c4 Nb6 5. exd6 exd6 6. Nc3 Be7 7. Bd3 Nc6 8.
Nge2 Bg4 9. Be3 Bh5 10. O-O O-O 11. b3 Re8 12. Qd2 Bxe2 13. Bxe2 Bf6 14. Bf3
Nd7 15. Rfe1 Nf8 16. Nd5 Ng6 17. g3 Qd7 18. Nxf6+ gxf6 19. Bg2 Qf5 20. b4 Rab8
21. b5 Nd8 22. Bh6 Ne6 23. Re2 Ng7 24. Rae1 Rxe2 25. Qxe2 Qh5 26. Qxh5 Nxh5 27.
Bxb7 Ng7 28. Be4 Re8 29. Re3 f5 30. Bd3 Rxe3 31. Bxe3 d5 32. c5 f4 33. gxf4 f5
34. a4 Ne7 35. a5 Kf7 36. Kg2 Ke6 37. Bd2 Nh5 38. Kf3 Nf6 39. Ke3 Ng4+ 40. Ke2
Nf6 41. f3 Kd7 42. c6+ Kc8 43. Bb4 Nfg8 44. Bc5 Kb8 45. Kf2 Ng6 46. Bxf5 Nxf4
47. Bxh7 Nf6 48. Bf5 N6h5 49. h4 Ng7 50. Bg4 Nd3+ 51. Ke3 1-0

[Event "24. Open Catalunya Escacs Club"]
[Site "Barcelona ESP"]
[Date "2010.04.03"]
[Round "8.4"]
[White "Perez Mitjans, Orelvis"]
[Black "Ramon Solans, Albert"]
[Result "1-0"]
[WhiteElo "2392"]
[BlackElo "2171"]
[PlyCount "51"]
[EventDate "2010.03.27"]
[EventType "swiss"]
[EventRounds "9"]
[EventCountry "ESP"]
[Source "lmi"]
[SourceDate "2010.03.27"]

1. e4 e6 2. d4 d5 3. e5 c5 4. c3 Nc6 5. Be3 Qb6 6. Qd2 cxd4 7. cxd4 Nge7 8. Nc3
Nf5 9. Nf3 Be7 10. Bd3 Nxe3 11. fxe3 Bd7 12. O-O f5 13. Rac1 O-O 14. Kh1 Nd8
15. Rf2 Nf7 16. Rg1 Ng5 17. Nxg5 Bxg5 18. g4 fxg4 19. Rxg4 Rxf2 20. Qxf2 Rf8
21. Bxh7+ Kxh7 22. Qxf8 Bh6 23. Rg2 Bc6 24. Qf1 Be8 25. Qd3+ Kg8 26. Kg1 1-0

[Event "24. Open Catalunya Escacs Club"]
[Site "Barcelona ESP"]
[Date "2010.04.03"]
[Round "8.5"]
[White "Martin Grillo, Ruben"]
[Black "Nunez Lucero, Francisco"]
[Result "0-1"]
[WhiteElo "2236"]
[BlackElo "2184"]
[PlyCount "70"]
[EventDate "2010.03.27"]
[EventType "swiss"]
[EventRounds "9"]
[EventCountry "ESP"]
[Source "lmi"]
[SourceDate "2010.03.27"]

1. Nf3 e6 2. c4 d5 3. e3 c6 4. Nc3 f5 5. Be2 Nf6 6. O-O Bd6 7. Qc2 O-O 8. d3
dxc4 9. dxc4 e5 10. e4 f4 11. c5 Bc7 12. b4 Qe7 13. Bb2 Bg4 14. Ng5 Bxe2 15.
Nxe2 a5 16. a3 Na6 17. Rfd1 Rae8 18. Rd2 Kh8 19. Qc4 h6 20. Nf3 g5 21. Rad1
axb4 22. axb4 Qf7 23. Rc1 Qh5 24. h3 Rg8 25. Rc3 g4 26. hxg4 Rxg4 27. Ne1 Rh4
28. Kf1 Rg8 29. Ng1 Ng4 30. Nef3 Rh1 31. Rd7 Nh2+ 32. Nxh2 Qxh2 33. Qf7 Qxg1+
34. Ke2 Qf1+ 35. Kf3 Rg3# 0-1

[Event "24. Open Catalunya Escacs Club"]
[Site "Barcelona ESP"]
[Date "2010.04.03"]
[Round "8.6"]
[White "Cabot Muntane, Jordi"]
[Black "Visa Jordana, Joel"]
[Result "0-1"]
[WhiteElo "2010"]
[BlackElo "2203"]
[PlyCount "66"]
[EventDate "2010.03.27"]
[EventType "swiss"]
[EventRounds "9"]
[EventCountry "ESP"]
[Source "lmi"]
[SourceDate "2010.03.27"]

1. e4 c6 2. d4 d5 3. e5 c5 4. dxc5 Nc6 5. Nf3 Bg4 6. Bb5 e6 7. Bxc6+ bxc6 8.
Be3 Ne7 9. h3 Bxf3 10. Qxf3 Qb8 11. Bd4 Nf5 12. Qc3 Nxd4 13. Qxd4 Qb5 14. b4
Rb8 15. c3 a5 16. a3 Be7 17. Qe3 d4 18. Qxd4 O-O 19. Qe3 Rfd8 20. Qe2 Rd3 21.
O-O Rbd8 22. f4 Qc4 23. Qb2 Rd1 24. Qf2 Bh4 25. g3 Bxg3 26. Qf3 Rxf1+ 27. Qxf1
Qb3 28. Kg2 Bxf4 29. Qxf4 Qb2+ 30. Qf2 Qxa1 31. Nd2 axb4 32. Ne4 bxa3 33. Nd6
Qb2 0-1